Państwa z największą liczbą podróży pociągiem - Statystyki

Ogólne statystyki
  • Ten quiz został rozwiązany 27 razy
  • Średni wynik to 16 z 20
Statystyki odpowiedzi
km Państwo % Poprawnych
32,0 mld Stany Zjednoczone
100%
1346 mld Chiny
96%
108 mld Francja
96%
98,0 mld Niemcy
96%
130 mld Rosja
96%
55,5 mld Włochy
96%
28,4 mld Hiszpania
92%
21,0 mld Polska
92%
80,5 mld Wielka Brytania
92%
1161 mld Indie
88%
437 mld Japonia
88%
90,0 mld Korea Południowa
84%
28,7 mld Ukraina
84%
17,6 mld Australia
76%
40,8 mld Egipt
68%
18,9 mld Holandia
60%
20,9 mld Szwajcaria
52%
24,9 mld Pakistan
40%
21,5 mld Tajwan
40%
19,1 mld Kazachstan
28%
Nie znaleziono quizów pasujących do podanych kryteriów
Rozkład punktacji
Procent ludzi z każdym wynikiem
Percentyl według liczby udzielonych odpowiedzi
Twoja historia wyników
Nie rozwiązałeś tego quizu